[Event "WSTCC-65 2020"]
[Site "Prague"]
[Date "2020.03.08"]
[Round "3.39"]
[White "Vavruska, Antonin"]
[Black "Van Herck, Marcel"]
[Result "1/2-1/2"]
[WhiteElo "1971"]
[BlackElo "2056"]
[Annotator "TA"]
[PlyCount "137"]
[EventDate "2020.03.06"]
[EventType "team-tourn"]
[EventCountry "CZE"]
[SourceTitle "playchess.com"]
[Source "ChessBase"]
[SourceQuality "1"]

{[%evp 11,137,23,38,33,24,-18,1,-25,-14,-32,-21,-58,-52,-91,-73,-154,-148,-200,-32,-32,-21,-183,-100,-181,-122,-174,-110,-104,-103,-147,-108,-151,-83,-120,-116,-115,-80,-88,-84,-138,-137,-158,-117,-200,-81,-132,-93,-93,-91,-92,-89,-102,-102,-109,-117,-245,-152,-156,-135,-164,-123,-185,-145,-177,-175,-178,-150,-170,-170,-180,-158,-166,-177,-198,-202,-225,-225,-241,-229,-235,-233,-238,-229,-218,-210,-228,-221,-227,-231,-220,-225,-255,-237,-228,-207,-206,-181,-181,-191,-183,-162,-206,-200,-191,-196,-191,-190,-208,-229,-215,-208,-387,-158,-158,-158,-968,-853,-853,-853,-1306,-128,-1177,-757,-848,-721,-841,-102,-102]} 1. e4 c6 2. d4 d5 3. f3 dxe4 4. fxe4 e5 5. Nf3 Bg4 6. Bc4 Nd7 7. c3 {B12: Caro-Kann: Advance Variation.} Bh5 8. Be3 Ngf6 9. Nbd2 {The position is equal.} Bd6 {[#]} 10. Qe2 $146 ({Predecessor:} 10. O-O O-O 11. Kh1 Qc7 12. Bg1 Rae8 13. Qc2 a6 14. Bd3 b5 15. a4 Bg6 16. Nh4 {1-0 (50) Yu,Y (2607)-Barbosa,O (2461) Ho Chi Minh City 2011}) 10... Qc7 11. Bb3 O-O 12. h3 Bg6 13. Bf2 (13. O-O $142) 13... exd4 $1 $17 14. Nxd4 (14. cxd4 $17 Bxe4 15. Nxe4 Nxe4 16. O-O (16. Qxe4 $2 Rfe8 $19)) 14... Nxe4 $2 (14... Nc5 $19 15. O-O Rae8) 15. Nxe4 $15 Bxe4 16. O-O $2 (16. Qxe4 $11 {and White has nothing to worry.} Rae8 17. Ne6) 16... Bg6 ({Better is} 16... Rae8 $19 {aiming for ...Bxg2!} 17. Bh4 Nc5) 17. Rad1 (17. Rae1 $17 {is a better defense.}) 17... Nc5 (17... Rae8 $19 18. Be3 Nc5) 18. Qg4 (18. Qf3 $17 {was worth a try.}) 18... Nxb3 (18... Rae8 $19 19. Kh1 Nxb3 20. axb3 Re4) 19. axb3 $17 Rfe8 20. Rfe1 a6 21. Bh4 Be7 (21... h5 $142 22. Qf3 Re5) 22. Bf2 Rad8 23. b4 Bf6 24. Bg3 Qc8 25. Qf3 ({White should play} 25. Qxc8 Rxc8 26. Nf3) 25... Rxe1+ 26. Bxe1 Qd7 {Hoping for ...a5!} 27. Bf2 {[#]} (27. Rd2 $17) 27... Qd5 (27... a5 $1 $19 {[%mdl 512] ...axb4 is the strong threat.} 28. Rd2 (28. bxa5 c5) 28... axb4) 28. Qe3 (28. Qxd5 $142 Rxd5 29. Re1) 28... Bg5 29. Qg3 {Strongly threatening c4!} h6 30. Re1 Qd7 31. Qe5 Bf6 32. Qg3 Re8 33. Rd1 (33. Rxe8+ $17 Qxe8 34. Qf3) 33... Be4 34. Rd2 Bd5 35. Nf3 {With the idea c4!} Qe7 36. Nd4 (36. Bd4 $17 {might work better.}) 36... Be5 37. Qh4 Qxh4 38. Bxh4 Bf4 39. Rd1 g5 40. Bf2 Kg7 41. g3 Bc7 42. Nf5+ Kg6 43. Ne3 Be6 44. g4 Rd8 45. Rxd8 Bxd8 $19 {[%mdl 4096] Endgame KBB-KBN} 46. Nc2 f5 47. Nd4 Kf6 48. gxf5 Bxf5 49. h4 Ke5 50. hxg5 hxg5 51. Nb3 Bc8 52. Nc5 Kf4 53. Kg2 Bf6 54. Nd3+ Ke4 55. Nc5+ Kd5 56. Kf3 g4+ 57. Ke3 Bg5+ 58. Ke2 Bf4 59. b3 g3 60. c4+ Ke5 61. Nd3+ $2 (61. Bg1 {was the only chance.}) 61... Kf5 (61... Ke4 $19 {and Black stays clearly on top. White must now prevent ...Bg4+.} 62. Nc5+ Kf5) 62. Nxf4 $17 Kxf4 {KB-KB} 63. Be1 $2 (63. Be3+ $17 Ke4 64. Bb6) 63... Bg4+ $19 64. Kf1 {[#]} Kf3 $1 65. c5 Bh3+ 66. Kg1 Be6 67. Bc3 Bxb3 68. Be5 {[#]} a5 $1 69. bxa5 {Accuracy: White = 44%, Black = 58%.} 1/2-1/2

[Event "WSTCC-65 2020"]
[Site "Prague"]
[Date "2020.03.08"]
[Round "3.40"]
[White "Schrickx, Frank"]
[Black "Nespor, Ivan"]
[Result "1-0"]
[WhiteElo "1826"]
[BlackElo "1707"]
[Annotator "NA RC"]
[PlyCount "69"]
[EventDate "2020.03.06"]
[EventType "team-tourn"]
[EventCountry "CZE"]
[SourceTitle "playchess.com"]
[Source "ChessBase"]
[SourceQuality "1"]
[TimeControl "40/5400+30:1800+30"]

1. e4 {[%emt 0:00:00]} d6 {[%emt 0:00:00]} 2. d4 {[%emt 0:00:00]} Nf6 {[%emt 0:00:01]} 3. Nc3 {[%emt 0:00:06]} g6 {[%emt 0:00:59]} 4. Be2 {[%emt 0:01:01]} Bg7 {[%emt 0:00:13]} 5. f4 {[%emt 0:00:44]} O-O {[%emt 0:00:59]} 6. Bf3 {[%emt 0:02:09]} c6 {[%emt 0:02:58]} 7. Nge2 {[%emt 0:01:34]} a5 {[%emt 0:07:19]} 8. Be3 {[%emt 0:08:22]} Ng4 {[%emt 0:01:50]} 9. Bg1 {[%emt 0:05:22]} f5 {[%emt 0:03:28]} 10. h3 {[%emt 0:03:51]} Nh6 {[%emt 0:03:21]} 11. e5 {[%emt 0:01:24]} d5 {[%emt 0:01:45]} 12. Na4 {[%emt 0:06:16]} b5 {[%emt 0:01:07]} 13. Nc5 {[%emt 0:00:24]} Na6 {[%emt 0:00:14]} 14. c3 {[%emt 0:02:48]} e6 {[%emt 0:01:47]} 15. Bf2 {[%emt 0:01:39]} Rf7 {[%emt 0:11:07]} 16. O-O {[%emt 0:04:57]} Bf8 {[%emt 0:02:49]} 17. Nxa6 {[%emt 0:06:38]} Bxa6 {[%emt 0:01:27]} 18. Kh1 {[%emt 0:01:54]} Rb7 {[%emt 0:01:19]} 19. Qc2 {[%emt 0:03:58]} Rc8 {[%emt 0:01:23]} 20. Rfc1 {[%emt 0:01:10]} Rg7 {[%emt 0:07:06]} 21. Rg1 {[%emt 0:09:04]} Qb6 {[%emt 0:03:10]} 22. a3 {[%emt 0:01:53]} c5 {[%emt 0:03:26]} 23. dxc5 {[%emt 0:00:47]} Bxc5 {[%emt 0:00:08]} 24. Bxc5 {[%emt 0:02:17]} Qxc5 {[%emt 0:01:50]} 25. Qd2 {[%emt 0:00:46]} a4 26. Nd4 Re7 {[%emt 0:01:01]} 27. Be2 {[%emt 0:02:44]} Kh8 {[%emt 0:01:20]} 28. Rae1 {[%emt 0:02:52]} Rb8 {[%emt 0:03:12]} 29. Bd3 {[%emt 0:00:34]} Bc8 {[%emt 0:00:18]} 30. Qe2 {[%emt 0:01:00]} Bd7 {[%emt 0:00:25]} 31. Qf2 {[%emt 0:01:41]} Rg8 {[%emt 0:02:39]} 32. Qh4 {[%emt 0:01:12]} Nf7 {[%emt 0:01:38]} 33. g4 {[%emt 0:00:37]} g5 {[%emt 0:00:38]} 34. fxg5 {[%emt 0:03:27]} Rxg5 {[%emt 0:01:04]} 35. gxf5 {[%emt 0:00:54]} 1-0

[Event "WSTCC-65 2020"]
[Site "Prague"]
[Date "2020.03.08"]
[Round "3.41"]
[White "Lahti, Jouko"]
[Black "Waschk, Armin"]
[Result "0-1"]
[WhiteElo "1953"]
[BlackElo "2165"]
[Annotator "TA"]
[PlyCount "114"]
[EventDate "2020.03.06"]
[EventType "team-tourn"]
[EventCountry "CZE"]
[SourceTitle "playchess.com"]
[Source "ChessBase"]
[SourceQuality "1"]

{[%evp 11,114,11,43,36,50,8,34,1,15,-24,-24,-46,-41,-36,-24,-32,50,44,41,37,46,35,59,-12,-12,-18,-15,-43,-3,-22,1,-7,0,-28,-11,-56,-50,-71,-69,-69,-41,-93,-86,-95,-97,-124,-107,-144,-142,-196,-147,-167,-155,-262,-243,-320,-213,-358,-250,-341,-334,-497,-166,-167,-90,-259,-256,-351,-351,-354,-305,-334,-289,-606,-606,-697,-657,-649,-636,-672,-462,-415,0,-674,-653,-633,-610,-615,-608,-605,-562,-890,-881,-787,-780,-766,-756,-900,-814,-857,-841,-831,-827,-1178,-1143]} 1. d4 Nf6 2. Nf3 d5 3. c4 Bf5 4. Nc3 c6 5. e3 e6 6. Bd3 Bg4 7. cxd5 {D12: Slav Defence: 3 Nf3 Nf6 4 e3 Bf5.} exd5 8. O-O Be7 {[#]} 9. Re1 $146 {White is slightly better.} ({Predecessor:} 9. h3 Bh5 10. Be2 Bg6 11. Nh4 O-O 12. Nxg6 hxg6 13. Bf3 Nbd7 14. e4 dxe4 15. Nxe4 Nxe4 16. Bxe4 {1-0 (71) Shcherbakov,G-Nefedyev,O Irkutsk 2015}) 9... O-O 10. Be2 Nbd7 11. Nh4 Bxe2 12. Qxe2 Ne4 13. Nf5 Ndf6 ({Black should try} 13... Bb4 $15 14. Bd2 Nxd2 15. Qxd2 Qg5) 14. f3 $14 Nxc3 15. bxc3 Re8 16. Qd3 g6 17. Ng3 ({White should play} 17. Nh6+ $14 Kg7 18. e4) 17... Bd6 $11 18. Nf1 Qe7 19. Bd2 Qe6 20. Re2 Nh5 21. Rae1 f5 22. g3 Nf6 $36 {[%mdl 2048] Black is pushing.} 23. Kg2 Re7 24. Bc1 Rae8 25. Kg1 g5 26. Nd2 (26. e4 $15 fxe4 27. fxe4 dxe4 28. Qc2) 26... g4 $17 27. f4 b5 28. Nf1 h5 29. Rf2 Rh7 30. Nd2 (30. a4 $17) 30... Kg7 31. Rg2 Kg6 32. Kf1 (32. Ree2 $17) 32... h4 $19 33. Ke2 Qc8 34. Kd1 (34. gxh4 $142 Bxf4 35. Kd1) 34... Qa6 35. Nf1 Ne4 36. Qc2 (36. gxh4 $142 Qa4+ 37. Qc2) 36... Qb6 $2 {[#]} (36... h3 37. Rge2 b4) 37. Nd2 Nf6 (37... h3 $19 38. Nxe4 Rxe4) 38. Rge2 $2 (38. gxh4 $17 Rxh4 39. Nf3) 38... hxg3 39. hxg3 Rh3 40. Rg1 Qc7 41. Nf1 Ne4 42. Qd3 $2 (42. Nd2) 42... Qa5 43. Rc2 Qa4 {[#] White must now prevent ...Nf2+.} 44. Ke1 Reh8 45. Rcg2 Nxc3 46. Qc2 Qc4 $2 ({Better is} 46... Qa5 $19 {Strongly threatening ...Nxa2+.} 47. Nd2 Rh1) 47. Qb3 $2 {[%mdl 8192]} (47. Nd2 $11 Qxa2 48. Qxc3) 47... Ne4 {Black is clearly winning.} 48. Qxc4 dxc4 49. Nd2 Nc3 50. a3 Re8 51. Nxc4 bxc4 52. Rc2 Ne4 53. Rxc4 Rc8 54. d5 c5 55. Ke2 Nxg3+ 56. Kd3 Ne4 57. Bb2 Rh2 {Accuracy: White = 35%, Black = 61%.} 0-1

[Event "WSTCC-65 2020"]
[Site "Prague"]
[Date "2020.03.08"]
[Round "3.42"]
[White "Luethke, Hans-Eckart"]
[Black "Ranki, Martti"]
[Result "1-0"]
[WhiteElo "2091"]
[BlackElo "1914"]
[Annotator "TA"]
[PlyCount "103"]
[EventDate "2020.03.06"]
[EventType "team-tourn"]
[EventCountry "CZE"]
[SourceTitle "playchess.com"]
[Source "ChessBase"]
[SourceQuality "1"]

{[%evp 21,103,120,123,123,118,119,127,106,101,101,114,117,126,126,136,129,132,125,131,127,123,117,126,116,137,143,138,138,189,173,163,118,161,155,146,114,127,121,135,131,116,97,98,0,0,0,0,0,0,0,0,0,0,0,5,0,77,33,70,79,188,143,436,400,487,473,465,451,508,505,607,601,713,589,403,326,1970,1723,1734,1731,1384,2109,1806,1754]} 1. e4 e5 2. Nf3 Nc6 3. d4 exd4 4. Nxd4 Nxd4 5. Qxd4 d6 6. Nc3 Nf6 7. Bg5 Be7 8. O-O-O O-O 9. e5 Ng4 10. Bxe7 Qxe7 11. exd6 Qxd6 12. Qxd6 {C45: Scotch Game.} cxd6 {[#]} 13. Rd2 $1 Rd8 14. h3 {White is better.} Nf6 15. Be2 {[#]} a6 $146 ({Predecessor:} 15... Bf5 16. Bf3 Rd7 17. g4 Be6 18. Rhd1 Rad8 19. Nb5 d5 20. Nd4 h6 21. c3 Rd6 {½-½ (34) Wang,Y (2303)-Ren,X (2256) China 2018}) 16. Rhd1 Kf8 17. Rxd6 Rxd6 18. Rxd6 Ke7 19. Rd2 Be6 20. Bf3 Rb8 21. b3 b5 22. a3 Rc8 23. Kb2 Rb8 24. Ne2 Rd8 (24... g6 $16 {was worth a try.} 25. Nd4 Bd7) 25. Rxd8 Kxd8 $18 {[%mdl 4096] Endgame KBN-KBN} 26. Bb7 Bc8 27. Bxc8 Kxc8 {KN-KN} 28. c3 Kc7 29. Kc2 Kd6 30. Kd3 Nd7 31. Nd4 g6 32. Nf3 (32. Ke3 $16) 32... Nc5+ $11 33. Kc2 Ne4 34. Kd3 Nc5+ $1 35. Kc2 Ne4 36. Nd2 Nxf2 37. c4 f5 38. Kc3 Kc6 (38... Kc5 $11 {keeps the balance.}) 39. Kd4 Kd6 40. c5+ Kc6 (40... Ke6 $16 {was called for.}) 41. b4 $18 h6 $2 {[%mdl 8192] Black cannot hold the game after this.} (41... Kd7 $16) 42. Nf3 g5 43. Ne5+ Kc7 44. Nf7 g4 45. h4 h5 46. Ke5 Ne4 47. Nd6 Nd2 {If Black can now play ...Nf3+ this consolidates a bit.} 48. Kxf5 Nb1 $2 (48... Nf3 49. g3 (49. gxf3 $2 g3 $19) 49... Nxh4+ 50. Kg5 (50. gxh4 $2 g3 $19) 50... Nf3+ 51. Kxh5 Ne5) 49. Kg5 {White is clearly winning.} Nxa3 50. Kxh5 a5 {[#]} 51. Nxb5+ $1 {[%mdl 512]} Nxb5 52. bxa5 {Accuracy: White = 88%, Black = 57%.} 1-0

[Event "WSTCC-65 2020"]
[Site "Prague"]
[Date "2020.03.08"]
[Round "3.43"]
[White "Alkkiomaki, Jyrki"]
[Black "Schulz, Michael"]
[Result "0-1"]
[WhiteElo "1887"]
[BlackElo "2122"]
[Annotator "TA"]
[PlyCount "36"]
[EventDate "2020.03.06"]
[EventType "team-tourn"]
[EventCountry "CZE"]
[SourceTitle "playchess.com"]
[Source "ChessBase"]
[SourceQuality "1"]

{[%evp 10,36,54,11,7,-25,-22,-68,-69,-102,-99,-122,-104,-162,-145,-211,-135,-127,-155,-866,-511,-557,-560,-727,-713,-1207,-665,-785,-535]} 1. e4 g6 2. d4 Bg7 3. Nc3 c5 4. Nf3 cxd4 5. Nxd4 Nc6 6. Nde2 Nf6 {B34: Sicilian: Accelerated Dragon with 5 Nc3: sidelines.} 7. Ng3 {[#]} h5 $146 ({Predecessor:} 7... O-O 8. h4 h5 9. Bg5 Qb6 10. Qd2 Ng4 11. Na4 Qd4 12. Nc3 Qb6 13. Na4 Qd4 14. Nc3 Qxd2+ 15. Bxd2 {0-1 (34) Mehdi,S (2077)-Ali,S (2404) Sharjah 2019}) 8. Bd3 h4 {Black is slightly better.} 9. Nf1 h3 10. g3 d5 11. exd5 (11. Nd2 $17) 11... Nxd5 $19 12. Ne4 (12. Nxd5 $17 Qxd5 13. f3) 12... Ne5 13. Bb5+ Kf8 14. c4 $2 {White does not recover from this.} (14. Be2 $17) 14... Bf5 {Black is clearly winning.} 15. f3 Nb4 {[#] ...Nbd3+ is the strong threat.} 16. Nfd2 Qb6 {Threatens to win with ...Rd8.} 17. Rf1 Qe3+ 18. Qe2 Nc2+ {[%mdl 64] Double Attack. Accuracy: White = 13%, Black = 52%.} 0-1

[Event "WSTCC-65 2020"]
[Site "Prague"]
[Date "2020.03.08"]
[Round "3.44"]
[White "Pamperin, Gerhard"]
[Black "Kauko, Pekka"]
[Result "1/2-1/2"]
[WhiteElo "1944"]
[BlackElo "1868"]
[Annotator "TA"]
[PlyCount "160"]
[EventDate "2020.03.06"]
[EventType "team-tourn"]
[EventCountry "CZE"]
[SourceTitle "playchess.com"]
[Source "ChessBase"]
[SourceQuality "1"]

{[%evp 9,160,4,51,47,50,25,79,4,53,11,11,22,44,-14,-2,-22,0,0,0,0,0,-29,-20,-8,0,0,-5,-3,-7,-14,0,-8,-6,-15,-12,-25,-21,-50,-56,-58,-26,-52,-43,-54,0,0,0,0,0,0,0,0,0,0,0,-8,-4,-15,-15,-80,-87,-106,-104,-75,-75,-256,-256,-256,-256,-254,-160,-217,-143,-143,-143,-143,-143,-143,-143,-143,-143,-143,-143,-222,-214,-234,-143,-143,-143,-143,-143,-143,-113,-113,-45,-49,-44,-44,0,0,0,-60,-60,-60,0,-60,-60,-60,0,0,0,0,0,0,0,0,0,0,0,0,0,0,0,0,0,0,0,0,0,0,0,0,0,0,0,0,0,0,0,0,0,-29978,-29979,-29980,-29974,-29980,-29981,-29977,0,0,0,0,0]} 1. d4 Nf6 2. c4 e6 3. Nf3 d5 4. e3 a6 5. Nc3 Nc6 6. a3 {D02: 1 d4 d5 2 Nf3 sidelines, including 2...Nf6 3 g3 and 2...Nf6 3 Bf4.} Bd6 7. b4 O-O (7... dxc4 $11 8. e4 e5) 8. Bb2 (8. c5 $16 Be7 9. Bd3) 8... Re8 {[#]} 9. Be2 $146 ({Predecessor:} 9. Qc2 Bd7 10. Bd3 dxc4 11. Bxc4 b5 12. Bd3 Qe7 13. O-O e5 14. Ne4 h6 15. Nxf6+ Qxf6 {1-0 (69) Schulz,M (2165)-Posch,W (2262) Vienna 2006}) 9... dxc4 10. Bxc4 e5 11. dxe5 (11. Ng5 $14 Rf8 12. d5) 11... Nxe5 $11 12. Be2 Qe7 13. Nd5 Nxd5 14. Qxd5 c6 15. Qd4 {0-0-0 is the strong threat.} (15. Qd2 {is more complex.} Nxf3+ 16. Bxf3 a5 17. bxa5 Qd8 18. a4) 15... Nxf3+ 16. Bxf3 {[%csl Gb2][%cal Rd4g7]} Be5 17. Qxe5 Qxe5 18. Bxe5 Rxe5 19. Ke2 a5 20. Rhd1 {Intending Rd8+ and mate.} Be6 21. Kd3 g6 22. Kc3 Kg7 23. Be2 Bd5 24. g3 b5 25. Rd4 axb4+ 26. Rxb4 Rae8 (26... Re7 $15) 27. a4 Rf5 28. Rf4 Rxf4 29. gxf4 bxa4 30. Rxa4 {[%mdl 4096] Endgame KRB-KRB} Rb8 31. Rb4 Ra8 32. Bd3 Ra5 33. e4 c5 34. Rb2 (34. Rb6 $11 {remains equal.} c4 35. Bb1 (35. exd5 cxd3 36. Kd4 d2 $15)) 34... Ra3+ $17 35. Kc2 c4 $1 {[%cal Rc4d3]} 36. exd5 Rxd3 {KR-KR} 37. Rb4 $2 (37. Rb5 $17 {was forced.}) 37... Rxd5 $19 38. Rxc4 Rh5 39. Kd2 Rxh2 40. Ke2 (40. Ke3 $17) 40... Kf6 41. Kf3 h5 42. Rc6+ {[#]} Kg7 $1 43. Kg3 Rh1 44. Kg2 Re1 45. Rd6 Rc1 46. Rb6 {[#]} (46. f3 $17 {is a better defense.}) 46... Rc3 $1 47. Rd6 Rc5 48. Kg3 Rf5 49. Rd4 Kh6 50. f3 f6 51. Rc4 g5 (51... Ra5 $17 52. Rc6 f5) 52. fxg5+ $15 Kxg5 53. Rc8 h4+ 54. Kf2 Rb5 {Strongly threatening ...Rb2+.} 55. Kg2 (55. Rg8+ $11 Kf5 56. Rg4) 55... Rb2+ 56. Kh3 Rf2 (56... Rb1 $15) 57. Rc3 ({White should try} 57. Rg8+ $11 Kf4 58. Rg4+ Kxf3 59. Rg1) 57... f5 58. Rd3 Kf4 ({Black should play} 58... Rf1 $15 59. Kg2 Rc1) 59. Rd4+ $1 $11 Ke3 60. Rxh4 Kxf3 61. Rh8 f4 (61... Rf1 {feels hotter.} 62. Kh2 Rb1 63. Rh3+ Kg4 64. Ra3 Rd1) 62. Rf8 Rf1 {[%cal Rf1h1]} (62... Rb2 {looks sharper.} 63. Rc8 Ke2 64. Rc1 Rb3+ 65. Kh2 Ra3) 63. Kh2 $1 Re1 64. Rf7 Re4 65. Kg1 Re1+ 66. Kh2 Re5 67. Kg1 Re1+ 68. Kh2 Re4 69. Kg1 Re5 70. Kf1 Rh5 {[%cal Rh5h1]} 71. Kg1 $1 Rd5 72. Kh2 Rg5 73. Rf8 Ke3 74. Rf7 f3 75. Re7+ $2 {[%mdl 8192]} (75. Ra7 $11) 75... Kf2 {[%cal Rg5h5]} 76. Rh7 Kf1 77. Rf7 f2 78. Rf8 Rh5+ $2 (78... Rg7 {mates} 79. Ra8 Rh7+ 80. Kg3 Kg1 81. Kf4 f1=Q+ 82. Ke3 Qf2+ 83. Ke4 Qg2+ 84. Kf4 Qxa8 85. Ke5 Qc6 86. Kf5 Qd5+ 87. Kg6 Rf7 88. Kh6 Qg2 89. Kh5 Rh7#) 79. Kg3 Kg1 {( -> ...Rg5+)} (79... Rg5+ 80. Kh2 $19) 80. Rxf2 Rh6 {Accuracy: White = 74%, Black = 80%.} 1/2-1/2

[Event "WSTCC-65 2020"]
[Site "Prague"]
[Date "2020.03.08"]
[Round "3.45"]
[White "James, Kevin"]
[Black "Watzka, Horst"]
[Result "1/2-1/2"]
[WhiteElo "1924"]
[BlackElo "2166"]
[Annotator "TA"]
[PlyCount "31"]
[EventDate "2020.03.06"]
[EventType "team-tourn"]
[EventCountry "CZE"]
[SourceTitle "playchess.com"]
[Source "ChessBase"]
[SourceQuality "1"]

{[%evp 20,31,5,-5,38,15,26,34,22,0,0,0,17,-934]} 1. d4 Nf6 2. c4 e6 3. Nc3 Bb4 4. f3 d5 5. a3 Bxc3+ 6. bxc3 c5 7. cxd5 Nxd5 8. dxc5 Qa5 9. e4 Nf6 10. Be3 O-O 11. Qb3 Na6 {E25: Nimzo-Indian: Sämisch: 5...c5 6 f3 d5 7 cxd5.} 12. Nh3 Bd7 {[#]} 13. Bxa6 $146 ({Predecessor:} 13. Nf4 Ba4 14. Qb2 b6 15. cxb6 Rab8 16. Nd3 Nd7 17. Nb4 Nac5 18. bxa7 Qxa7 19. Bf2 {1-0 (36) Volkov,S (2460)-Zangiev,P Krasnodar 1996}) 13... Qxa6 14. Kf2 {The position is equal.} e5 15. Ng1 Ba4 16. Qd1 $2 {[%mdl 40960] Black took control after the opening. An unexpected result.} (16. Qb4 $11) 1/2-1/2

[Event "WSTCC-65 2020"]
[Site "Prague"]
[Date "2020.03.08"]
[Round "3.46"]
[White "Kratschmer, Heinz"]
[Black "Gibson, John F."]
[Result "1-0"]
[WhiteElo "2037"]
[BlackElo "1830"]
[Annotator "TA"]
[PlyCount "75"]
[EventDate "2020.03.06"]
[EventType "team-tourn"]
[EventCountry "CZE"]
[SourceTitle "playchess.com"]
[Source "ChessBase"]
[SourceQuality "1"]

{[%evp 13,75,32,29,40,33,10,66,50,54,42,37,8,16,11,14,0,0,-6,33,10,24,12,8,1,0,-17,0,-12,46,0,33,0,90,43,64,56,59,24,37,39,80,59,77,55,100,66,71,39,45,46,626,598,614,545,849,642,968,968,968,955,1156,1149,29993,29994]} 1. d4 g6 2. e4 Bg7 3. Nf3 d6 4. Be2 Nf6 5. Nc3 a6 6. O-O O-O 7. Re1 Nc6 {[%cal Bb8c6,Bc6e5,Be5g4][%mdl 32]} 8. Bg5 {B08: Pirc Defence: Classical System.} h6 9. Bf4 {[#]} Nd7 $146 (9... g5 $11 10. Be3 e6) ({Predecessor:} 9... e6 10. h3 b5 11. Bf1 b4 12. Nb1 Bb7 13. c3 a5 14. Nbd2 a4 15. cxb4 Nh5 {½-½ (65) Neiksans,A (2566)-Gordievsky,D (2592) Saint Louis 2019}) 10. Qd2 {White is slightly better.} Kh7 11. d5 Nce5 12. Nd4 c5 13. dxc6 bxc6 14. Be3 c5 15. Nf3 Ng4 16. Bf4 Bb7 17. h3 $36 {[%mdl 2048] White has the initiative.} Nge5 18. Rad1 Nxf3+ 19. Bxf3 Ne5 20. Be2 Nc6 (20... g5 $11 21. Bg3 Rb8) 21. Bc4 Nd4 22. Nd5 Ne6 (22... e6 $11 23. Nc3 d5) 23. Be3 a5 24. c3 Ba6 25. Qe2 Bxc4 26. Qxc4 Ra7 27. Re2 Qc8 28. Red2 f5 {[#] Strongly threatening ...f4.} 29. exf5 Rxf5 30. g4 Rf3 31. Qe4 Qf8 $2 {[%mdl 8192] This costs Black the game.} (31... Rxh3 $14 32. f3 Rh4) 32. Qxe6 $18 Be5 33. Kg2 Rxh3 {[#]} 34. Nf4 $1 {[%mdl 512]} Rxe3 (34... Bxf4 35. Kxh3) 35. Qxg6+ Kh8 36. fxe3 Bxf4 37. exf4 {White wants to mate with Rh1!} Qxf4 38. Rf2 {Accuracy: White = 64%, Black = 45%.} 1-0

[Event "WSTCC-65 2020"]
[Site "Prague"]
[Date "2020.03.08"]
[Round "3.47"]
[White "Lynch, Peter J."]
[Black "Pitzl, Konstantinos"]
[Result "0-1"]
[WhiteElo "1645"]
[BlackElo "2023"]
[Annotator "TA"]
[PlyCount "58"]
[EventDate "2020.03.06"]
[EventType "team-tourn"]
[EventCountry "CZE"]
[SourceTitle "playchess.com"]
[Source "ChessBase"]
[SourceQuality "1"]

{[%evp 10,58,29,12,25,24,19,25,17,19,14,-3,0,5,31,-1,31,-21,-22,-57,-55,-81,-70,-83,-76,-141,-139,-147,-119,-148,-145,-147,-99,-114,-60,-113,-54,-289,-283,-287,-301,-400,-389,-387,-304,-374,-372,-383,-383,-508,-412]} 1. e4 d6 2. d4 Nf6 3. Nc3 g6 4. Be2 Bg7 5. Be3 O-O 6. f4 Na6 {B07: Pirc Defence: Miscellaneous Systems.} 7. e5 Nd7 8. Nf3 c5 {[#] White has an edge.} 9. O-O $146 ({Predecessor:} 9. exd6 exd6 10. Qd2 Nf6 11. O-O-O Qa5 12. Kb1 Bf5 13. Nh4 Nb4 14. Nxf5 Ne4 15. Ne7+ {0-1 (38) Ligterink,G-Vadasz,L Wijk aan Zee 1975}) 9... cxd4 10. Bxd4 dxe5 11. fxe5 Nb6 12. Qd2 Be6 13. b3 (13. Bxa6 $14 bxa6 14. b3) 13... Nb4 $11 14. Nb5 Nc6 15. Qe3 Nd5 16. Qf2 $1 a6 $36 {[%mdl 2048] Black is really pushing.} 17. c4 (17. Nc3 $142) 17... Nf4 18. Nc3 Nxd4 19. Nxd4 Bxe5 20. Rad1 Qc7 21. Kh1 Rad8 (21... Nxe2 $17 22. Qxe2 Bxd4 23. Rxd4 b5 $1 {[%mdl 512]}) 22. Bf3 (22. Nxe6 $15 fxe6 23. Ne4) 22... b5 (22... Bxd4 $17 23. Rxd4 {[#]} b5 $1 {[%mdl 512]}) 23. Ncxb5 $2 {Loses the game.} (23. Nxe6 $15 fxe6 24. Qe3) 23... axb5 $19 24. Nxb5 Qb8 25. g3 Nd3 26. Qe2 Nc5 27. Bg2 Bf6 28. Qf3 h5 29. a4 Bg4 {Accuracy: White = 33%, Black = 67%.} 0-1

[Event "WSTCC-65 2020"]
[Site "Prague"]
[Date "2020.03.09"]
[Round "4.1"]
[White "Jansa, Vlastimil"]
[Black "Knaak, Rainer"]
[Result "1/2-1/2"]
[WhiteElo "2439"]
[BlackElo "2478"]
[Annotator "TA"]
[PlyCount "45"]
[EventDate "2020.03.06"]
[EventType "team-tourn"]
[EventCountry "CZE"]
[SourceTitle "playchess.com"]
[Source "ChessBase"]
[SourceQuality "1"]

{[%evp 22,45,18,12,17,16,31,32,44,43,39,42,44,40,45,45,44,43,43,6,10,0,0,0,0,0]} 1. e4 e6 2. d4 d5 3. Nd2 c5 4. Ngf3 Nf6 5. exd5 exd5 6. Bb5+ Bd7 7. Bxd7+ Nbxd7 8. O-O Be7 9. dxc5 Nxc5 10. Re1 O-O 11. Nf1 Re8 12. Be3 Qc7 {C08: French Tarrasch: 3...c5 4 exd5 exd5 sidelines.} 13. Bd4 Nce4 14. Ne3 {[#]} Red8 $146 {White is slightly better.} ({Predecessor:} 14... Bc5 15. Bxc5 Qxc5 16. Qd4 Rad8 17. Rad1 a6 18. c3 Qa5 19. Qb4 Qxb4 20. cxb4 Kf8 {1-0 (76) Sebag,M (2533)-Danielian,E (2513) Dresden 2008}) 15. c3 Bc5 16. Qc2 Bxd4 17. Nxd4 g6 18. Rad1 {[%cal Ba1d1,Bd1d2,Bd2e2,Be2e8][%mdl 32]} Nd6 19. h3 Nc4 20. Nxc4 dxc4 {The position is equal.} 21. Rd2 a6 22. Rde2 Re8 23. Rxe8+ {Accuracy: White = 89%, Black = 100%.} 1/2-1/2